Načítá se...
Democracy
| Hlavní autor: | |
|---|---|
| Médium: | Printed Book |
| Vydáno: |
Delhi
World View
1994
|
| Vydání: | Ed.2 |
| Témata: |
| LEADER | 00490nam a22001577a 4500 | ||
|---|---|---|---|
| 020 | |a 81-86423-05-2 | ||
| 082 | |a 321.8 |b ARB/D | ||
| 100 | |a Anthony Arblaster |9 174556 | ||
| 245 | |a Democracy | ||
| 250 | |a Ed.2 | ||
| 260 | |a Delhi |b World View |c 1994 | ||
| 300 | |a x+117p. | ||
| 650 | |a Democracy |9 174557 | ||
| 942 | |c BK | ||
| 999 | |c 190040 |d 190036 | ||
| 952 | |0 0 |1 0 |4 0 |6 321_800000000000000_ARB_D |7 0 |8 NFIC |9 190613 |a SMBS |b SMBS |c GEN |d 2015-08-06 |g 70.00 |l 0 |o 321.8 ARB/D |p SMBS137 |r 2015-08-06 |w 2015-08-06 |y BK | ||